Všechna města v České republice - Statistics

General Stats
  • This quiz has been taken 190 times
  • The average score is 155 of 610
Answer Stats
# Kraj Počet obyvatel Odpověď % Correct
1. Hlavní město 1 397 880 Praha
99%
4. Plzeňský 187 928 Plzeň
98%
9. Pardubický 92 319 Pardubice
97%
2. Jihomoravský 402 739 Brno
95%
10. Ústecký 90 866 Ústí nad Labem
95%
5. Liberecký 108 090 Liberec
94%
6. Olomoucký 103 063 Olomouc
94%
432. Plzeňský 2 754 Hrádek
93%
3. Moravskoslezský 283 187 Ostrava
93%
11. Zlínský 74 684 Zlín
91%
8. Královehradecký 94 311 Hradec Králové
87%
16. Vysočina 54 624 Jihlava
87%
7. Jihočeský 97 231 České Budějovice
86%
19. Karlovarský 49 073 Karlovy Vary
85%
12. Středočeský 69 664 Kladno
85%
15. Moravskoslezský 55 109 Opava
83%
14. Ústecký 63 474 Most
82%
103. Karlovarský 12 684
77%
21. Středočeský 47 346 Mladá Boleslav
76%
56. Středočeský 21 521 Beroun
74%
20. Moravskoslezský 48 937 Karviná
72%
17. Moravskoslezský 53 590 Frýdek-Místek
71%
32. Středočeský 33 444 Kolín
70%
26. Olomoucký 40 906 Přerov
70%
30. Jihomoravský 34 172 Znojmo
70%
24. Liberecký 46 209 Jablonec nad Nisou
69%
29. Jihočeský 34 356 Tábor
69%
33. Karlovarský 32 808 Cheb
67%
22. Ústecký 46 771 Chomutov
67%
25. Olomoucký 43 408 Prostějov
67%
97. Pardubický 14 011 Ústí nad Orlicí
67%
101. Jihočeský 12 797 Český Krumlov
66%
23. Ústecký 46 376 Děčín
66%
13. Moravskoslezský 68 674 Havířov
66%
41. Olomoucký 24 735 Šumperk
66%
74. Středočeský 17 043 Benešov
64%
49. Plzeňský 22 763 Klatovy
64%
18. Ústecký 50 912 Teplice
64%
44. Pardubický 23 564 Chrudim
63%
43. Vysočina 23 791 Havlíčkův Brod
63%
45. Jihomoravský 23 517 Hodonín
63%
128. Olomoucký 10 456 Jeseník
63%
48. Ústecký 22 767 Litoměřice
63%
36. Královéhradecký 29 607 Trutnov
63%
119. Plzeňský 11 133 Domažlice
62%
79. Královéhradecký 16 101 Jičín
62%
55. Středočeský 21 642 Kutná Hora
62%
63. Středočeský 20 278 Mělník
62%
82. Středočeský 15 682 Rakovník
62%
42. Jihomoravský 24 538 Břeclav
61%
52. Ústecký 22 387 Litvínov
61%
35. Jihočeský 31 121 Písek
61%
34. Středočeský 32 773 Příbram
61%
28. Vysočina 34 530 Třebíč
61%
59. Jihočeský 20 540 Jindřichův Hradec
60%
129. Pardubický 10 448 Litomyšl
60%
47. Moravskoslezský 22 763 Nový Jičín
60%
90. Liberecký 14 577 Turnov
60%
60. Vysočina 20 404 Žďár nad Sázavou
60%
27. Liberecký 36 815 Česká Lípa
59%
46. Moravskoslezský 23 075 Český Těšín
59%
37. Zlínský 27 917 Kroměříž
59%
40. Zlínský 24 887 Uherské Hradiště
59%
65. Královéhradecký 19 827 Náchod
57%
84. Středočeský 15 642 Nymburk
57%
64. Jihomoravský 20 002 Blansko
56%
88. Pardubický 15 010 Česká Třebová
56%
96. Karlovarský 14 052 Mariánské Lázně
56%
54. Karlovarský 22 007 Sokolov
56%
31. Moravskoslezský 33 852 Třinec
56%
50. Zlínský 22 580 Valašské Meziříčí
56%
58. Jihomoravský 20 645 Vyškov
56%
87. Moravskoslezský 15 037 Bruntál
55%
80. Pardubický 16 073 Svitavy
55%
139. Pardubický 9 550 Moravská Třebová
54%
73. Středočeský 17 143 Říčany
54%
53. Jihočeský 22 355 Strakonice
54%
39. Zlínský 25 185 Vsetín
54%
126. Zlínský 10 554 Frenštát pod Radhoštěm
53%
38. Moravskoslezský 27 540 Orlová
53%
72. Zlínský 17 401 Otrokovice
53%
61. Moravskoslezský 20 315 Bohumín
52%
78. Vysočina 16 206 Pelhřimov
52%
175. Jihomoravský 7 577 Mikulov
51%
51. Moravskoslezský 22 518 Krnov
49%
86. Středočeský 15 232 Poděbrady
49%
92. Plzeňský 14 381 Rokycany
49%
75. Středočeský 16 937 Slaný
49%
94. Plzeňský 14 097 Tachov
49%
240. Karlovarský 5 607 Františkovy Lázně
48%
71. Olomoucký 17 969 Hranice
48%
492. Karlovarský 2 070 Hranice
48%
120. Jihočeský 11 119 Prachatice
48%
70. Ústecký 18 068 Louny
47%
191. Vysočina 7 098 Moravské Budějovice
47%
81. Zlínský 16 063 Rožnov pod Radhoštěm
47%
291. Středočeský 4 698 Bystřice
46%
114. Vysočina 11 522 Humpolec
46%
130. Středočeský 10 339 Čáslav
45%
183. Liberecký 7 379 Frýdlant
45%
108. Královehradecký 12 483 Jaroměř
45%
67. Středočeský 19 005 Kralupy nad Vltavou
45%
116. Královehradecký 11 420 Rychnov nad Kněžnou
45%
162. Liberecký 8 022 Semily
45%
76. Zlínský 16 367 Uherský Brod
45%
91. Ústecký 14 497 Bílina
44%
83. Karlovarský 15 681 Ostrov
44%
160. Plzeňský 8 060 Stříbro
44%
57. Moravskoslezský 21 374 Kopřivnice
43%
157. Jihočeský 8 270 Třeboň
43%
68. Ústecký 18 959 Žatec
43%
107. Jihomoravský 12 508 Boskovice
41%
261. Moravsloslezský 5 257 Jablunkov
41%
140. Olomoucký 9 510 Litovel
41%
151. Ústecký 8 727 Lovosice
41%
135. Vysočina 9 834 Nové Město na Moravě
41%
122. Plzeňský 10 740 Sušice
41%
264. Vysočina 5 134 Telč
41%
133. Jihomoravský 9 898 Ivančice
40%
69. Ústecký 18 090 Kadaň
40%
111. Jihomoravský 11 860 Kuřim
40%
136. Olomoucký 9 782 Mohelnice
40%
118. Olomoucký 11 237 Uničov
40%
113. Vysočina 11 608 Velké Meziříčí
40%
190. Královehradecký 7 108 Broumov
39%
188. Jihočeský 7 157 Dačice
39%
123. Jihomoravský 10 645 Kyjov
39%
270. Zlínský 5 029 Luhačovice
39%
132. Středočeský 10 004 Lysá nad Labem
39%
104. Ústecký 12 668 Roudnice nad Labem
39%
121. Ústecký 10 815 Rumburk
39%
85. Královehradecký 15 322 Dvůr Králové nad Labem
38%
149. Královehradecký 8 979 Nová Paka
38%
131. Pardubický 10 203 Přelouč
38%
100. Olomoucký 13 239 Šternberk
38%
142. Jihomoravský 9 225 Tišnov
38%
185. Jihočeský 7 289 Vimperk
38%
115. Středočeský 11 434 Vlašim
38%
296. Jihomoravský 4 616 Adamov
37%
172. Moravskoslezský 7 763 Rýmařov
37%
89. Ústecký 14 704 Varnsdorf
37%
110. Královehradecký 12 102 Vrchlabí
37%
99. Olomoucký 13 320 Zábřeh
37%
178. Středočeský 7 487 Český Brod
36%
155. Královehradecký 8 476 Hořice
36%
211. Zlínský 6 414 Hulín
36%
147. Pardubický 9 051 Polička
36%
156. Moravskoslezský 8 298 Příbor
36%
106. Pardubický 12 560 Vysoké Mýto
36%
277. Plzeňský 4 889 Bor
34%
138. Pardubický 9 563 Hlinsko
34%
98. Moravskoslezský 13 352 Hlučín
34%
214. Jihomoravský 6 388 Hustopeče
34%
93. Středočeský 14 270 Milovice
34%
143 . Královehradecký 9 181 Nové Město nad Metují
34%
141. Moravskoslezský 9 302 Studénka
34%
62. Středočeský 20 313 Brandýs nad Labem-Stará Boleslav
33%
66. Ústecký 19 240 Jirkov
33%
117. Liberecký 11 318 Nový Bor
33%
228. Pardubický 5 819 Žamberk
33%
169. Vysočina 7 871 Bystřice nad Pernštejnem
32%
310. Ústecký 4 257 Chlumec
32%
105. Karlovarský 12 609 Chodov
32%
200. Pardubický 6 761 Holice
32%
189. Jihomoravský 7 124 Letovice
32%
234. Jihomoravský 5 667 Moravský Krumlov
32%
77. Středočeský 16 360 Neratovice
32%
199. Středočeský 6 767 Sedlčany
32%
225. LIberecký 5 970 Tanvald
32%
163. Zlínský 8 002 Bystřice pod Hostýnem
31%
153. Pardubický 8 641 Choceň
31%
426. Vysočina 2 821 Golčův Jeníkov
31%
252. Liberecký 5 377 Jilemnice
31%
165. Olomoucký 7 955 Lipník nad bečvou
31%
145. Vysočina 9 092 Chotěboř
30%
112. Zlínský 11 616 Holešov
30%
266. Plzeňský 5 103 Horažďovice
30%
161. Středočeský 8 055 Hořovice
30%
380. Pardubický 3 355 Lázně Bohdaneč
30%
184. Moravskoslezský 7 314 Odry
30%
193. Jihočeský 7 070 Soběslav
30%
154. Ústecký 8 553 Štětí
30%
174. Středočeský 7 712 Černošice
29%
158. Královehradecký 8 262 Červený Kostelec
29%
239. Královehradecký 5 609 Chlumec nad Cidlinou
29%
150. Středočeský 8 870 Dobříš
29%
206. Královehradecký 6 532 Dobruška
29%
247. Moravskoslezský 5 472 Fulnek
29%
237. Jihočeský 5 626 Hluboká nad Vltavou
29%
95. Ústecký 14 068 Klášterec nad Ohří
29%
363. Plzeňský 3 562 Nepomuk
29%
187. Královehradecký 7 224 Nový Bydžov
29%
197. Plzeňský 6 792 Přeštice
29%
198. Jihomoravský 6 784 Rosice
29%
186. Jihomoravský 7 258 Slavkov u Brna
29%
171. Jihočeský 7 774 Týn nad Vltavou
29%
361. Jihomoravský 3 580 Valtice
29%
124. Jihomoravský 10 623 Veselí nad Moravou
29%
496. Středočeský 1 984 Kouřim
28%
324. Pardubický 4 097 Králíky
28%
137. Pardubický 9 776 Lanškroun
28%
344. Ústecký 3 762 Lom
28%
574. Královehradecký 1 136 Špindlerův Mlýn
28%
204. Zlínský 6 585 Staré Město
28%
525. Olomoucký 1 678 Staré Město
28%
280. Zlínský 4 864 Valašské Klobouky
28%
281. Zlínský 4 845 Vizovice
28%
182. Jihočeský 7 383 Vodňany
28%
224. Liberecký 6 043 Železný Brod
28%
168. Středočeský 7 879 Benátky nad Jizerou
26%
109. Středočeský 12 474 Čelákovice
26%
387. Pardubický 3 150 Chrast
26%
265. Liberecký 5 115 Doksy
26%
551. Liberecký 1 388 Harrachov
26%
468. Karlovarský 2 304 Jáchymov
26%
201. Moravskoslezský 6 689 Kravaře
26%
192. Jihočeský 7 097 Sezimovo Ústí
26%
236. Ústecký 5 629 Šluknov
26%
177. Středočeský 7 515 Úvaly
26%
299. Královehradecký 4 568 Vamberk
26%
243. Moravskoslezský 5 508 Vítkov
26%
282. Jihočeský 4 815 Bechyně
25%
180. Moravskoslezský 7 411 Bílovec
25%
202. Jihočeský 6 669 Blatná
25%
272. Královehradecký 5 020 Česká Skalice
25%
159. Ústecký 8 114 Dubí
25%
152. Ústecký 8 695 Duchcov
25%
134. Moravskoslezský 9 835 Frýdlant nad Ostravicí
25%
415. Olomoucký 2 889 Hanušovice
25%
127. Středočeský 10 460 Jesenice
25%
531. Středočeský 1 632 Jesenice
25%
276. Ústecký 4 932 Jílové
25%
440. Olomoucký 2 664 Konice
25%
125. Středočeský 10 598 Králův Dvůr
25%
212. Pardubický 6 407 Letohrad
25%
284. Vysočina 4 767 Náměšť nad Oslavou
25%
181. Moravskoslezský 7 409 Petřvald
25%
207. Jihočeský 6 515 Veselí nad Lužnicí
25%
349. Olomoucký 3 701 Zlaté Hory
25%
553. Plzeňský 1 367 Kašperské Hory
24%
209. Karlovarský 6 432 Kraslice
24%
238. Liberecký 5 626 Lomnice nad Popelkou
24%
245. Plzeňský 5 493 Planá
24%
334. Středočeský 3 867 Sázava
24%
167. Jihomoravský 7 915 Šlapanice
24%
369. Moravskoslezský 3 470 Štramberk
24%
255. Jihomoravský 5 311 Strážnice
24%
164. Liberecký 8 001 Hrádek nad Nisou
23%
176. Jihočeský 7 531 Kaplice
23%
232. Olomoucký 5 748 Kojetín
23%
352. Královehradecký 3 674 Lázně Bělohrad
23%
195. Plzeňský 6 991 Nýřany
23%
421. Ústecký 2 850 Terezín
23%
221. Královehradecký 6 148 Týniště nad Orlicí
23%
350. Jihočeský 3 692 Volary
23%
442. Jihočeský 2 597 Vyšší Brod
23%
592. Královehradecký 658 Janské Lázně
22%
241. Zlínský 5 570 Kunovice
22%
166. Jihočeský 7 950 Milevsko
22%
215. Liberecký 6 387 Mimoň
22%
148. Středočeský 9 048 Mnichovo Hradiště
22%
427. Olomoucký 2 804 Moravský Beroun
22%
194. Zlínský 7 043 Napajedla
22%
346. Jihomoravský 3 736 Rájec-Jestřebí
22%
146. Středočeský 9 088 Roztoky
22%
203. Moravskoslezský 6 639 Šenov
22%
473. Jihočeský 2 229 Slavonice
22%
213. Vysočina 6 394 Světlá nad Sázavou
22%
227. Královehradecký 5 869 Třebechovice pod Orebem
22%
539. Plzeňský 1 599 Železná Ruda
22%
607. Karlovarský 255 Boží Dar
21%
196. Jihomoravský 6 891 Bučovice
21%
300. Jihomoravský 4 561 Bzenec
21%
499. Jihočeský 1 943 Horní Planá
21%
268. Plzeňský 5 046 Horšovský Týn
21%
399. Karlovarský 3 050 Loket
21%
398. Olomoucký 3 052 Loštice
21%
173. Karlovarský 7 733 Nejdek
21%
388. Královehradecký 3 148 Opočno
21%
591. Královehradecký 700 Pec pod Sněžkou
21%
452. Vysočina 2 502 Počátky
21%
217. Ústecký 6 253 Podbořany
21%
222. Jihomoravský 6 126 Pohořelice
21%
226. Jihomoravský 5 962 Rousínov
21%
170. Morvskoslezský 7 787 Rychvald
21%
370. Karlovarský 3 465 Toužim
21%
313. Zlínský 4 209 Uherský Ostroh
21%
246. Vysočina 5 482 Velká Bíteš
21%
297. Středočeský 4 755 Zruč nad Sázavou
21%
338. Zlínský 3 834 Fryšták
20%
275. Pardubický 4 964 Heřmanův Městec
20%
495. Ústecký 1 990 Hrob
20%
223. Královehradecký 6 094 Hronov
20%
606. Moravskoslezský 256 Janov
20%
425. Pardubický 2 822 Jevíčko
20%
340. Ústecký 3 811 Kamenický Šenov
20%
474. Jihočeský 2 221 Kardašova Řečice
20%
218. Královehradecký 6 252 Kostelec nad Orlicí
20%
102. Ústecký 12 793 Krupka
20%
288. Vysočina 4 749 Ledeč nad Sázavou
20%
230. Jihomoravský 5 755 Modřice
20%
278. Středočeský 4 874 Pečky
20%
342. Středočeský 3 777 Řevnice
20%
244. Středočeský 5 502 Rudná
20%
504. Olomoucký 1 905 Štíty
20%
229. Vysočina 5 790 Třešť
20%
259. Jihočeský 5 262 Trhové Sviny
20%
296. Středočeský 4 760 Votice
20%
416. Liberecký 2 882 Český Dub
18%
403. Liberecký 2 999 Desná
18%
235. Plzeňský 5 647 Holýšov
18%
406. Jihomoravský 2 978 Ivanovice na Hané
18%
454. Jihomoravský 2 476 Klobouky u Brna
18%
318. Středočeský 4 156 Kostelec nad Černými lesy
18%
414. Jihomoravský 2 891 Kunštát
18%
273. Plzeňský 5 011 Nýrsko
18%
321. Jihomoravský 4 136 Rajhrad
18%
317. Pardubický 4 163 Slatiňany
18%
220. Zlínský 6 184 Slavičín
18%
461. Královehradecký 2 400 Sobotka
18%
250. Plzeňský 5 403 Starý Plzenec
18%
323. Středočeský 4 124 Zdice
18%
351. Jihomoravský 3 676 Židlochovice
18%
283. Středočeský 4 804 Bělá pod Bezdězem
17%
366. Ústecký 3 526 Benešov nad Ploučnicí
17%
269. Ústecký 5 037 Česká Kamenice
17%
301. Liberecký 4 534 Cvikov
17%
311. Zlínský 4 254 Hluk
17%
144. Středočeský 9 179 Hostivice
17%
248. Moravskoslezský 5 459 Hradec nad Moravicí
17%
325. Vysočina 4 087 Jaroměřice nad Rokytnou
17%
463. Zlínský 2 373 Karolinka
17%
385. Jihočeský 3 199 Nová Bystřice
17%
279. Jihomoravský 4 873 Oslavany
17%
470. Olomoucký 2 254 Plumlov
17%
326. Vysočina 4 076 Přibyslav
17%
312. Středočeský 4 244 Rožmitál pod Třemšínem
17%
457. Olomoucký 2 467 Tovačov
17%
341. Olomoucký 3 779 Velká Bystřice
17%
400. Jihočeský 3 036 Volyně
17%
179. Moravskoslezský 7 434 Vratimov
17%
339. Vysočina 3 817 Brtnice
16%
251. Zlínský 5 400 Brumov-Bylnice
16%
256. Karlovarský 5 309 Horní Slavkov
16%
320. Královehradecký 4 151 Hostinné
16%
377. Jihomoravský 3 377 Hrušovany nad Jevišovkou
16%
444. Olomoucký 2 574 Javorník
16%
260. Středočeský 5 262 Jílové u Prahy
16%
306. Moravskoslezský 4 454 Klimkovice
16%
305. Středočeský 4 462 Kostelec nad Labem
16%
357. Jihomoravský 3 637 Lanžhot
16%
210. Středočeský 6 432 Mnišek pod Brdy
16%
347. Liberecký 3 725 Nové Město pod Smrkem
16%
205. Středočeský 6 547 Odolena Voda
16%
535. Jihomoravský 1 620 Olešnice
16%
303. Ústecký 4 516 Osek
16%
258. Vysočina 5 277 Polná
16%
285. Jihočeský 4 764 Protivín
16%
364. Olomoucký 3 555 Štěpánov
16%
371. Jihomoravský 3 457 Velké Opatovice
16%
386. Vysočina 3 178 Žirovnice
16%
242. Zlínský 5 561 Zubří
16%
362. Středočeský 3 577 Březnice
15%
358. Jihočeský 3 607 České Velenice
15%
216. Liberecký 6 315 Chrastava
15%
329. Vysočina 3 964 Jemnice
15%
355. Vysočina 3 651 Kamenice nad Lipou
15%
524. Plzeňský 1 682 Kladruby
15%
484. Královehradecký 2 157 Kopidlno
15%
549. Karlovarský 1 403 Lázně Kynžvart
15%
365. Středočeský 3 555 Libušín
15%
465. Královehradecký 2 324 Meziměstí
15%
455. Jihočeský 2 469 Nové Hrady
15%
233. Středočeský 5 686 Nové Strašecí
15%
356. Plzeňský 3 646 Stod
15%
413. Karlovarský 2 903 Teplá
15%
231. Středočeský 5 752 Týnec nad Sázavou
15%
314. Plzeňský 4 207 Blovice
14%
316. Moravskoslezský 4 164 Brušperk
14%
328. Středočeský 3 995 Buštěhrad
14%
411. Pardubický 2 925 Chvaletice
14%
437. Pardubický 2 692 Dašice
14%
208. Plzeňský 6 504 Dobřany
14%
333. Moravskoslezský 3 869 Dolní Benešov
14%
348. Liberecký 3 704 Jablonné v Podještědí
14%
302. Karlovarský 4 527 Kynšperk nad Ohří
14%
417. Středočeský 2 878 Městec Králové
14%
309. Karlovarský 4 277 Nová Role
14%
486. Středočeský 2 154 Nový Knín
14%
322. Královehradecký 4 131 Police nad Metují
14%
423. Liberecký 2 833 Raspenava
14%
419. Královehradecký 2 858 Rtyně v Podkrkonoší
14%
443. Jihočeský 2 587 Rudolfov
14%
271. Pardubický 5 020 Skuteč
14%
554. Vysočina 1 367 Svratka
14%
476. Středočeský 2 211 Týnec nad Labem
14%
394. Středočeský 3 080 Velvary
14%
253. Středočeský 5 355 Bakov nad Jizerou
13%
308. Zlínský 4 422 Bojkovice
13%
439. Karlovarský 2 664 Březová
13%
428. Moravskoslezský 2 801 Budišov nad Budišovkou
13%
446. Jihočeský 2 568 Chýnov
13%
343. Středočeský 3 772 Dobřichovice
13%
292. Karlovarský 4 691 Habartov
13%
477. Moravskoslezský 2 205 Horní Benešov
13%
368. Ústecký 3 507 Jiříkov
13%
263. Plzeňský 5 153 Kdyně
13%
434. Zlínský 2 732 Koryčany
13%
424. Olomoucký 2 832 Kostelec na Hané
13%
381. Ústecký 3 341 Krásná Lípa
13%
378. Moravskoslezský 3 375 Město Albrechtice
13%
397. Jihomoravský 3 054 Miroslav
13%
289. Vysočina 4 743 Pacov
13%
332. Moravskoslezský 3 883 Paskov
13%
297. Jihočeský 4 614 Planá nad Lužnicí
13%
409. Zlínský 2 945 Slušovice
13%
389. Královehradecký 3 138 Smiřice
13%
254. Středočeský 5 349 Stochov
13%
390. Středočeský 3 131 Uhlířské Janovice
13%
336. Jihomoravský 3 854 Velké Bílovice
13%
367. Jihomoravský 3 512 Veverská Bítýška
13%
396. Královehradecký 3 072 Žacléř
13%
449. Středočeský 2 541 Zbiroh
13%
523. Jihočeský 1 683 Bavorov
11%
483. Karlovarský 2 159 Budyně nad Ohří
11%
295. Zlínský 4 642 Chropyně
11%
219. Jihomoravský 6 202 Dubňany
11%
433. Liberecký 2 751 Hejnice
11%
467. Pardubický 2 307 Hrochův Týnec
11%
330. Středočeský 3 938 Klecany
11%
373. Plzeňský 3 450 Kralovice
11%
459. Plzeňský 2 444 Město Touškov
11%
491. Ústecký 2 092 Mikulášovice
11%
294. Ústecký 4 673 Postoloprty
11%
469. Středočeský 2 301 Pyšely
11%
475. Liberecký 2 220 Ralsko
11%
337. Liberecký 3 839 Stráž pod Ralskem
11%
379. Jihomoravský 3 375 Újezd u Brna
11%
249. Královehradecký 5 448 Úpice
11%
391. Jihomoravský 3 100 Velké Pavlovice
11%
566. Olomoucký 1 190 Vidnava
11%
304. Jihomoravský 4 496 Vracov
11%
290. Moravskoslezský 4 714 Vrbno pod Pradědem
11%
354. Jihomoravský 3 671 Zbýšov
11%
472. Středočeský 2 248 Žebrák
11%
547. Královehradecký 1 405 Železnice
11%
315. Jihočeský 4 184 Borovany
10%
540. Pardubický 1 569 Březová nad Svitavou
10%
445. Jihomoravský 2 571 Dolní Kounice
10%
526. Liberecký 1 672 Dubá
10%
487. Jihočeský 2 132 Jistebnice
10%
590. Karlovarský 702 Krásno
10%
478. Karlovarský 2 191 Luby
10%
546. Středočeský 1 415 Mšeno
10%
456. Jihočeský 2 467 Netolice
10%
412. Plzeňský 2 924 Plasy
10%
410. Jihomoravský 2 938 Podivín
10%
534. Plzeňský 1 621 Přimda
10%
536. Královehradecký 1 614 Teplice nad Metují
10%
382. Pardubický 3 314 Třemošnice
10%
257. Středočeský 5 292 Unhošť
10%
422. Ústecký 2 844 Úštěk
10%
600. Plzeňský 438 Úterý
10%
430. Ústecký 2 766 Vejprty
10%
479. Karlovarský 2 187 Žlutice
10%
588. Karlovarský 831 Abertamy
9%
516. Vysočina 1 769 Černovice
9%
274. Středočeský 4 965 Chýně
9%
597. Ústecký 538 Ledvice
9%
441. Pardubický 2 604 Luže
9%
450. Karlovarský 2 527 Nové Sedlo
9%
489. Pardubický 2 124 Proseč
9%
513. Plzeňský 1 847 Radnice
9%
453. Královehradecký 2 478 Rokytnice nad Jizerou
9%
488. Pardubický 2 125 Rokytnice v Orlických horách
9%
552. Liberecký 1 371 Rovensko pod Troskami
9%
462. Královehradecký 2 376 Solnice
9%
587. Jihočeský 879 Stráž nad Nežárkou
9%
376. Ústecký 3 381 Trmice
9%
345. Jihočeský 3 761 Větřní
9%
448. Jihomoravský 2 543 Ždánice
9%
393. Vysočina 3 083 Ždírec nad Doubravou
9%
575. Olomoucký 1 128 Žulová
9%
584. Karlovarský 903 Bečov nad Teplou
8%
493. Středočeský 2 062 Borohrádek
8%
558. Pardubický 1 300 Brandýs nad Orlicí
8%
541. Pardubický 1 563 Bystré
8%
595. Karlovarský 583 Chyše
8%
482. Karlovarský 2 162 Hroznětín
8%
570. Jihomoravský 1 159 Jevišovice
8%
438. Zlínský 2 673 Kelč
8%
375. Ústecký 3 388 Libochovice
8%
573. Plzeňský 1 136 Manětín
8%
319. Středočeský 4 156 Mnichovice
8%
503. Olomoucký 1 918 Němčice nad Hanou
8%
431. Středočeský 2 764 Neveklov
8%
610. Karlovarský 70 Přebuz
8%
429. Karlovarský 2 778 Rotava
8%
383. Středočeský 3 301 Sadská
8%
267. Plzeňský 5 052 Třemošná
8%
435. LIberecký 2 717 Velké Hamry
8%
466. Středočeský 2 311 Veltrusy
8%
485. Středočeský 2 156 Zásmuky
8%
518. Plzeňský 1 754 Bělá nad Radbuzou
7%
582. Plzeňský 931 Bezdružice
7%
508. Karlovarský 1 874 Bochov
7%
418. Moravskoslezský 2 874 Břidličná
7%
589. Jihočeský 754 Deštná
7%
528. Ústecký 1 668 Dolní Poustevna
7%
501. Středočeský 1 935 Hostomice
7%
514. Vysočina 1 784 Hrotovice
7%
537. Liberecký 1 609 Jablonec nad Jizerou
7%
262. Středočeský 5 247 Kosmonosy
7%
464. Ústecký 2 381 Kryry
7%
298. Ústecký 4 597 Meziboří
7%
407. Zlínský 2 975 Morkovice-Slížany
7%
522. Pardubický 1 693 Nasavrky
7%
507. Karlovarský 1 886 Plesná
7%
512. Pardubický 1 848 Seč
7%
307. Pardubický 4 451 Sezemice
7%
497. Středočeský 1 980 Smečno
7%
331. Liberecký 3 915 Smržovka
7%
498. Královehradecký 1 951 Svoboda nad Úpou
7%
544. Středočeský 1 506 Trhový Štěpánov
7%
494. Ústecký 2 013 Velký Šenov
7%
372. Jihočeský 3 453 Zliv
7%
604. Karlovarský 357 Andělská Hora
6%
578. Ústecký 1 046 Blšany
6%
447. Ústecký 2 545 Chabařovice
6%
556. Ústecký 1 333 Chřibská
6%
353. Středočeský 3 671 Dobrovice
6%
401. Středočeský 3 011 Dolní Bousov
6%
404. Liberecký 2 994 Hodkovice nad Mohelkou
6%
327. Plzeňský 4 066 Horní Bříza
6%
509. Vysočina 1 871 Horní Cerekev
6%
480. Ústecký 2 176 Horní Jiřetín
6%
564. Plzeňský 1 213 Hostouň
6%
395. Pardubický 3 078 Jablonné nad Orlicí
6%
392. Plzeňský 3 085 Kaznějov
6%
369. Středočeský 3 604 Libčice nad Vltavou
6%
593. Vysočina 650 Lipnice nad Sázavou
6%
293. Jihočeský 4 679 Lišov
6%
581. Královehradecký 958 Miletín
6%
471. Plzeňský 2 248 Mirošov
6%
533. Jihočeský 1 623 Mirovice
6%
451. Královehradecký 2 508 Nechanice
6%
481. Jihočeský 2 176 Nová Včelnice
6%
530. Karlovarský 1 651 Oloví
6%
608. Plzeňský 240 Rejštejn
6%
602. Jihočeský 375 Rožmberk nad Vltavou
6%
420. Liberecký 2 854 Rychnov u Jablonce nad Nisou
6%
405 Středočeský 2 979 Sedlec-Prčice
6%
505. Karlovarský 1 892 Skalná
6%
402. Plzeňský 3 008 Spálené Poříčí
6%
374. Plzeňský 3 401 Staňkov
6%
335. Jihočeský 3 861 Velešín
6%
510. Královehradecký 1 868 Libáň
5%
577. Středočeský 1 078 Liběchov
5%
576. Plzeňský 1 122 Měčín
5%
436. Jihočeský 2 705 Mladá Vožice
5%
538. Plzeňský 1 602 Mýto
5%
532. Plzeňský 1 629 Plánice
5%
560. Jihočeský 1 276 Sedlice
5%
555. Plzeňský 1 362 Strážov
5%
550. Jihočeský 1 403 Strmilov
5%
506. Ústecký 1 889 Třebenice
5%
605. Ústecký 295 Výsluní
5%
408. Liberecký 2 954 Zákupy
5%
460. Karlovarský 2 415 Bohušovice nad Ohří
3%
557. Vysočina 1 309 Habry
3%
490. Pardubický 2 119 Horní Jelení
3%
548. Jihočeský 1 405 Husinec
3%
458. Plzeňský 2 464 Janovice nad Úhlavou
3%
384. Ústecký 3 239 Košťany
3%
609. Ústecký 199 Loučná pod Klínovcem
3%
585. Středočeský 885 Miličín
3%
562. Jihočeský 1 232 Mirotice
3%
571. Plzeňský 1 152 Nalžovské Hory
3%
563. Královehradecký 1 218 Pilníkov
3%
360. Jihočeský 3 597 Suchdol nad Lužnicí
3%
569. Olomoucký 1 164 Úsov
3%
519. Jihočeský 1 750 Vlachovo Březí
3%
586. Královehradecký 883 Vysoké Veselí
3%
502. Liberecký 1 922 Žandov
3%
583. Plzeňský 922 Hartmanice
2%
603. Karlovarský 365 Horní Blatná
2%
545. Plzeňský 1 441 Kasejovice
2%
543. Plzeňský 1 511 Kožlany
2%
572. Středočeský 1 143 Krásná Hora nad Vltavou
2%
515. Jihočeský 1 778 Lomnice nad Lužnicí
2%
596. Ústecký 567 Mašťov
2%
567. Liberecký 1 184 Osečná
2%
542. Plzeňský 1 551 Poběžovice
2%
561. Olomoucký 1 237 Potštát
2%
521. Středočeský 1 703 Rožďalovice
2%
529. Plzeňský 1 666 Švihov
2%
580. Vysočina 1 024 Červená Řečice
1%
599. Ústecký 479 Hora Svaté Kateřiny
1%
517. Ústecký 1 768 Hoštka
1%
500. Liberecký 1 941 Lučany nad Nisou
1%
598. Plzeňský 496 Rabí
1%
511. Ústecký 1 854 Vroutek
1%
520. Plzeňský 1 716 Všeruby
1%
559. Liberecký 1 278 Vysoké nad Jizerou
1%
579. Jihočeský 1 024 Bělčice
0%
565. Plzeňský 1 196 Černošín
0%
601. Karlovarský 392 Krásné Údolí
0%
527. Pardubický 1 668 Ronov nad Doubravou
0%
594. Královehradecký 633 Stárkov
0%
568. Ústecký 1 171 Verneřice
0%
No matching quizzes found
Score Distribution
Percent of People with Each Score
Percentile by Number Answered
Your Score History
You have not taken this quiz